Gemeinschaft Unabhängiger Staaten - Statistiken

Allgemein
  • Dieses Quiz wurde 23 mal gespielt
  • Das Durchschnittsergebnis liegt bei 11 aus 12
Antwortstatistiken
Status Land % Korrekt
Mitglied Kasachstan
100%
Gründungsmitglied Russland
100%
Mitglied Tadschikistan
100%
Gründungsmitglied/ausgetreten 2018 Ukraine
100%
Mitglied Usbekistan
100%
Gründungsmitglied Belarus
95%
Mitglied Kirgisistan
95%
seit 2005 beigeordnetesMitglied Turkmenistan
95%
Mitglied Armenien
90%
Mitglied Aserbaidschan
90%
ausgetreten 2009 Georgien
90%
seit 2022 Austritts-kandidat Moldau
52%
Keine übereinstimmenden Quizze gefunden
Verteilung der Resultate
Anzahl Personen mit jedem Resultat
Perzentil nach korrekt beantworteten Fragen
Ihre Resultats-Entwicklung
Sie haben dieses Quiz noch nicht gespielt